| 000 | 00977cam a2200313 i 4500 | ||
|---|---|---|---|
| 001 | 200448834 | ||
| 999 |
_c200448834 _d67046 |
||
| 003 | TR-AnTOB | ||
| 005 | 20241111152749.0 | ||
| 007 | ta | ||
| 008 | 220523s1990 tu a f000 0 tur d | ||
| 040 |
_aTR-AnTOB _beng _erda _cTR-AnTOB _dTR-AnTOB |
||
| 041 | 0 | _atur | |
| 050 | 0 | 0 |
_aHJ191.T92 _bE745 1990 |
| 090 |
_aTOBBK HJ191.T92 _bE745 1990 |
||
| 100 | 1 |
_aErginay, Akif, _d1915-2004 _eauthor _9131978 |
|
| 245 | 1 | 0 |
_aKamu maliyesi / _cProf. Dr. Akif Erginay. |
| 250 | _aGözden geçirilmiş ve işlenmiş 13. baskı | ||
| 264 | 1 |
_aAnkara : _bSavaş Yayınları, _c1990. |
|
| 300 |
_a254 pages ; _c24 cm |
||
| 336 |
_atext _btxt _2rdacontent |
||
| 337 |
_aunmediated _bn _2rdamedia |
||
| 338 |
_avolume _bnc _2rdacarrier |
||
| 504 | _aBIB | ||
| 505 | 2 |
_tKamu gelirleri _tKamu giderleri _tDevlet bütçesi _tKamu borçları _tMaliye Politikası |
|
| 650 | 0 |
_aMaliye, Kamu _922536 |
|
| 942 |
_2z _cBK |
||